Présidents of France Quiz Stats

 Plays Quiz Updated Jan 28, 2020

Support Sporcle.
Go Orange.
Score 0/25 Timer 08:00
7 Plays Today
Year(s) Président % Correct
2017-Emmanuel Macron
91%
1959-1969Charles de Gaulle
89.5%
2007-2012Nicolas Sarkozy
87.8%
1995-2007Jacques Chirac
81.9%
2012-2017François Hollande
81.3%
1981-1995François Mitterrand
74.7%
1969-1974Georges Pompidou
52.9%
1974-1981Valéry Giscard d’Estaing
50.1%
1848-1852Louis-Napoléon Bonaparte
50.1%
1954-1959René Coty
26.6%
1913-1920Raymond Poincaré
22.1%
1871-1873Adolphe Thiers
21.8%
1873-1879Patrice de Mac-Mahon
20.2%
Year(s) Président % Correct
1947-1954Vincent Auriol
19.8%
1895-1899Félix Faure
19.1%
1887-1894Sadi Carnot
17.7%
1932-1940Albert Lebrun
17.6%
1920-1924Alexandre Millerand
16.7%
1920Paul Deschanel
15.9%
1931-1932Paul Doumer
15.2%
1924-1931Gaston Doumergue
14.9%
1879-1887Jules Grévy
14.6%
1899-1906Émile Loubet
12.4%
1894-1895Jean Casimir-Perier
12.1%
1906-1913Armand Fallières
11.9%

From the Vault

Famous Mathematician's Theorems

by Burt_Reynolds

Science 10m
Goodnight everyone, and don't forget to tip your mathematicians
Remove Ads.
Support Sporcle.
Get the best of Sporcle when you Go Orange. This ad-free experience offers more features, more stats, and more fun while also helping to support Sporcle. Thank you for becoming a member.

Show Comments

Extras

Top Quizzes Today


Score Distribution

Your Account Isn't Verified!

In order to create a playlist on Sporcle, you need to verify the email address you used during registration. Go to your Sporcle Settings to finish the process.

Report this User

Report this user for behavior that violates our Community Guidelines.

Details: